Loading...
| Literature - European | 4 | 3 | 1 | 1 | 85 | 26 | 79.43 | 2 | 6 | 0.00 | 0.00 |
| Literature - American | 2 | 6 | 3 | 1 | 75 | 50 | 107.75 | 0 | 4 | 0.00 | 0.00 |
| Literature - World | 1 | 6 | 3 | 0 | 60 | 60 | 104.14 | 0 | 1 | 0.00 | 0.00 |
| Literature - British | 2 | 4 | 3 | 1 | 55 | 76 | 111.17 | 0 | 1 | 0.00 | 0.00 |
| Visual Arts | 1 | 2 | 2 | 0 | 25 | 39 | 82.00 | 1 | 1 | 0.00 | 0.00 |
| Philosophy | 0 | 4 | 3 | 1 | 25 | 80 | 107.75 | 1 | 1 | 0.00 | 0.00 |
| Science - Biology | 0 | 2 | 0 | 0 | 20 | 123 | 123.00 | 0 | 0 | 0.00 | 0.00 |
| History - World | 0 | 1 | 0 | 0 | 10 | 90 | 90.00 | 0 | 1 | 0.00 | 0.00 |
| Fine Arts - Classical Music and Opera | 0 | 1 | 0 | 0 | 10 | 107 | 107.00 | 0 | 0 | 0.00 | 0.00 |
| Modern World | 0 | 1 | 0 | 0 | 10 | 132 | 132.00 | 0 | 0 | 0.00 | 0.00 |
| Other Academic | 0 | 1 | 0 | 0 | 10 | 98 | 98.00 | 0 | 0 | 0.00 | 0.00 |
| Fine Arts - Other Arts | 0 | 1 | 0 | 0 | 10 | 117 | 117.00 | 1 | 1 | 0.00 | 0.00 |
| Science - Other | 0 | 1 | 0 | 0 | 10 | 98 | 98.00 | 0 | 0 | 0.00 | 0.00 |
| Social Science | 0 | 1 | 1 | 0 | 5 | 92 | 92.00 | 0 | 0 | 0.00 | 0.00 |
| Beliefs | 0 | 0 | 1 | 0 | -5 | 0.00 | 0 | 0 | 0.00 | 0.00 | |
| History - European | 0 | 0 | 1 | 0 | -5 | 0.00 | 0 | 0 | 0.00 | 0.00 |